| 000 | 00385nam a2200145Ia 4500 | ||
|---|---|---|---|
| 008 | 230917s9999||||xx |||||||||||||| ||und|| | ||
| 040 |
_e103793 _aMAIN |
||
| 041 | _aEnglish | ||
| 082 | _a361.6 K96P | ||
| 100 | _aKumar, Vijendra | ||
| 245 | 0 | _aProblems and perspectives on social work and social welfare | |
| 260 |
_aJaipur _bABD Publishers _c2002 |
||
| 300 | _a226 p. | ||
| 942 | _cBK | ||
| 999 |
_c115665 _d115665 |
||